Statistics for Golfers with the Most Wins

Click here to take the quiz!

General Stats

  • This quiz has been taken 3,519 times
  • The average score is 12 of 37

Answer Stats

HintAnswer% Correct
79 winsTiger Woods
99%
73 winsJack Nicklaus
89%
62 winsArnold Palmer
86%
21 winsCraig Wood
82%
42 winsPhil Mickelson
79%
24 winsGary Player
72%
82 winsSam Snead
66%
39 winsTom Watson
62%
64 winsBen Hogan
60%
20 winsGreg Norman
55%
34 winsVijay Singh
49%
29 winsLee Trevino
46%
52 winsByron Nelson
32%
20 winsDavis Love III
30%
25 winsJohnny Miller
26%
39 winsGene Sarazen
24%
22 winsRaymond Floyd
24%
45 winsWalter Hagen
23%
20 winsHale Irwin
22%
51 winsBilly Casper
20%
32 winsHorton Smith
18%
24 winsMacdonald Smith
18%
40 winsCary Middlecoff
12%
21 winsLanny Wadkins
12%
31 winsJimmy Demaret
11%
29 winsGene Littler
8%
25 winsTommy Armour
8%
20 winsDoug Sanders
4%
31 winsHarry Cooper
4%
21 winsJim Barnes
4%
36 winsLloyd Mangrum
4%
26 winsHenry Picard
3%
30 winsLeo Diegel
3%
29 winsPaul Runyan
3%
21 winsWillie MacFarlane
3%
20 winsBill Mehlhorn
2%
22 winsJohnny Farrell
2%

Score Distribution

Percentile by Number Answered

Percent of People with Each Score

Your Score History

You have not taken this quiz